Quizzes
Events
Quiz Creation
Community
Videos
Private Events
Remove Ads
Sign In
Join for FREE
Feedback
Dark Mode
Quiz Categories
Sports
Geography
Music
Movies
Television
Just For Fun
Miscellaneous
History
Literature
Language
Science
Gaming
Entertainment
Religion
Holiday
For Kids
Quiz Lab
Recent
Popular Today
Quiz Kudos Today
Editor Picks
Curator Picks
Quizzes by...
Day
Popularity
Type
Ratings
Length
Year
Community
Subscriptions
Recent Discussions
Orange Saloon
Badges
Playlists
Quests
Create
Leaderboards
Showdown
Live 5
Trivia Bingo
Activity
Puzzle Library
Sporcle Events
Private Events
Virtual Trivia
Globe League
Become a Host
Pub Owners
SporcleCon
Opinionation
Our Games
Videos
Blog
Mobile Apps
Partnerships
Remove Ads and Go Orange
Feedback
Geography
Country
Landmarks
City
State
Population
World
Capital
Continent
Flags
Europe
Africa
Asia
South America
North America
Oceania
Border
Canada
United Kingdom
Topography
United States
Geography
Country
Landmarks
City
State
Population
World
Capital
Continent
Flags
Europe
Africa
Asia
South America
North America
Oceania
Border
Canada
United Kingdom
Topography
United States
Random Quiz
Search Sporcle
×
Quiz Lab
Quiz Lab
Geography
neighborhood
Type in answers that appear in a list
Type in answers that appear in a list
Classic
Best Score? Go Orange.
Neighborhoods of Manhattan Stats
Can you name the Neighborhoods of Manhattan?
By
johansantana17
10m
38 Questions
111 Plays
111 Plays
111 Plays
Comments
Comments
Give Quiz Kudos
Give Quiz Kudos
-
- Ratings
hide this ad
More Info
Random Order
Randomize order of answers
Randomize order of answers
Replay
Link that replays current quiz
Next Quiz
Link to next quiz in quiz playlist
You Got
0%
They Got
Avg Score
51%
Avg Friend Score
Upgrade to see
Score Distribution
Jump to the score distribution portion of the page
Score
0/38
Timer
10:00
0
Plays Today
% Correct
Harlem
90.1%
Upper East Side
90.1%
Upper West Side
88.3%
SoHo
82.9%
Lower East Side
82%
Midtown
79.3%
Chinatown
75.7%
Greenwich Village
74.8%
Little Italy
73%
Chelsea
70.3%
Financial District
69.4%
TriBeCa
69.4%
Hells Kitchen
67.6%
Washington Heights
62.2%
NoHo
62.2%
East Village
61.3%
Meatpacking District
60.4%
Spanish Harlem
55.9%
West Village
55.9%
% Correct
Morningside Heights
53.2%
Gramercy
48.6%
Alphabet City
45%
Garment District
44.1%
Bowery
41.4%
NoLiTa
39.6%
Murray Hill
36.9%
Battery Park City
36.9%
Flatiron District
33.3%
Yorkville
32.4%
Turtle Bay
28.8%
Kips Bay
27%
Hamilton Heights
26.1%
Koreatown
24.3%
Stuyvesant Town
22.5%
Civic Center
20.7%
Carnegie Hill
12.6%
Five Points
8.1%
Cooperative Village
5.4%
Quiz Playlist
Details
Report
Send in Message
Add To Playlist
More Info:
Have fun naming the neighborhoods of the best borough of the best city in the world!
Classic:
Type in answers that appear in a list
Random Order:
Randomize order of answers
Quiz Source
Last Updated: Feb 16, 2017
Quiz Scoreboard
CHALLENGE
Sign Up to Join the Scoreboard
Show All
Scores
Hide
Comments
May contain spoilers
Recently Published
9x9 Crossword: Cartoon Network
by jackfrog10
Miscellaneous
3m
College Basketball Coaching Resumes
by pancakes188
Sports
9m
Billboard Blitz: Fleetwood Mac
by CooCooCachoo
Music
15s
More to Explore
Quiz From the Vault
Featured Blog Post
Where Did the Easter Bunny Come From?
hide this ad
You Might Also Like...
Tags
Manhattan
neighborhood
Today's Top Quizzes in Geography
Browse Geography
hide this ad
Today's Top Quizzes in neighborhood
Browse neighborhood
Top Contributed Quizzes in Geography
1
Countries of the World - No Outlines Minefield
2
Top 25 Cities of France on a map
3
Any capital of a 'B' country per Continent
4
Any capital of a 'C' country per Continent
5
Closest Countries to UK A-Z
6
Any capital of a 'D' country per Continent
7
5-to-1: US Geography No Hints
8
Any capital of an 'E' country per Continent
9
Any capital of an 'F' country per Continent
10
One Thing in Common: United Kingdom
Explore More
Trending Topics
Disney
Crossword
Harry Potter
Anime
Kpop
Marvel
NBA
Puzzle
Pokémon
WWE
The Office
Song
Soccer
NFL
Country
hide this ad
More By:
johansantana17
Quiz
Plays
Rating
Category
Featured
Created
Most Unequal U.S. Cities
924
3.93
Geography
Oct 13, 2014
Neighborhoods of Manhattan
111
3.67
Geography
May 11, 2011
Go to Creator's Profile
Score Distribution
Quiz Creator Spotlight
johansantana17
Follow
Send a Message
Quizzes Created
-
Created Quiz Play Count
-
More By This Creator
Popular Quizzes Today
1
Find the US States - No Outlines Minefield
2
Find the Countries of Europe - No Outlines Minefield
3
The Countries of the World
4
Find the US States
5
Risky Map Clicking: Biggest States A-Z
6
US States
7
Popular People in 1961
8
Movies - When Are They Set?
More Geography Quizzes
'B' Cities Venn Diagram
Curator's Pick
Trending Quizzes
Risky Map Clicking: Least Populous States A-Z
1-10 Letter G Words
1-10 Letter F Words
Risky Map Clicking: Next State Alphabetically
Adjectives in 80s TV Shows
Recently Updated
Leaping Animals
pecheneg
Reality TV Shows (A-Z)
bhenderson79
Rickey Henderson's Hall of Fame Teammates
pecheneg
Champions League XIs: Arsenal
pecheneg
Quick Pick: Celebrities in WWE's Hall of Fame
aduchscher
A-Z Keypad Blitz II
pecheneg
Multiple Oscar Actors
pecheneg
Mystery Phrase Blitz: Oscar 'Best Actors'
pecheneg
F. Scott Fitzgerald Novels
LTH
Pick 3 Villains
ddd62291
Trending Topics
Crossword
Anime
Harry Potter
Marvel
NBA
Disney
Kpop
NFL
The Office
Pokémon
Soccer
Country
Song
WWE
Puzzle
Your Account Isn't Verified!
In order to create a playlist on Sporcle, you need to verify the email address you used during registration. Go to your
Sporcle Settings
to finish the process.
Report this User
Report this user for behavior that violates our
Community Guidelines
.
Details:
Send Report
Go to the Sporcle.com Mobile Site →
Comments